[Event "Budapest FS04 IM"]
[Site "Budapest"]
[Date "2019.04.05"]
[Round "6"]
[White "Farkas, Tibor"]
[Black "Felmery, Mate"]
[Result "1-0"]
[WhiteElo "2313"]
[BlackElo "2177"]
[PlyCount "49"]
[EventDate "2019.03.30"]
[EventType "tourn"]
[EventRounds "9"]
[EventCountry "HUN"]
[SourceTitle "CBM 189 Extra"]
[Source "ChessBase"]
[SourceDate "2019.06.03"]
[SourceVersion "1"]
[SourceVersionDate "2019.06.03"]
[SourceQuality "1"]

1. e4 c5 2. Nf3 e6 3. c3 d5 4. exd5 Qxd5 5. d4 Nf6 6. Be3 cxd4 7. cxd4 Be7 8. Nc3 Qd8 9. Bd3 Nc6 10. a3 Nd5 11. 0-0 0-0 12. Bc2 f5 13. Nxd5 exd5 14. Qd3 Bf6 15. Rfe1 Re8 16. Bf4 Kf7 17. Rxe8 Kxe8 18. Re1+ Kf7 19. g4 g6 20. g5 Bg7 21. Qe3 b6 22. Bb3 Ne7 23. Be5 Bf8 24. Bf6 f4 25. Qe5 1-0

[Event "HUN-chT2 Maroczy 1819"]
[Site "Hungary"]
[Date "2019.02.10"]
[Round "7.8"]
[White "Felmery, Mate"]
[Black "Ondok, Laszlo"]
[Result "1-0"]
[WhiteElo "2114"]
[BlackElo "2153"]
[PlyCount "143"]
[EventDate "2018.09.23"]
[EventType "team-tourn"]
[EventRounds "11"]
[EventCountry "HUN"]
[SourceTitle "EXT 2020"]
[Source "ChessBase"]
[SourceDate "2019.10.17"]
[SourceVersion "1"]
[SourceVersionDate "2019.10.17"]
[SourceQuality "1"]
[WhiteTeam "Budapest Vasas"]
[BlackTeam "Kisujszallas"]
[WhiteTeamCountry "HUN"]
[BlackTeamCountry "HUN"]

1. e4 c5 2. Nf3 Nc6 3. d3 e6 4. g3 d5 5. Qe2 Be7 6. Bg2 Nf6 7. 0-0 0-0 8. c3 Re8 9. Re1 b6 10. Na3 Ba6 11. e5 Nd7 12. h4 b5 13. Nc2 Rc8 14. Bf4 b4 15. c4 Nf8 16. h5 Qd7 17. b3 Bb7 18. Rad1 Rcd8 19. h6 Ng6 20. hxg7 Kxg7 21. Ne3 dxc4 22. dxc4 Nd4 23. Nxd4 cxd4 24. Bxb7 Qxb7 25. Nc2 Nxf4 26. gxf4 Kh8 27. Qe4 Rg8+ 28. Kf1 Qxe4 29. Rxe4 d3 30. Ne1 d2 31. Nf3 Rd3 32. Ke2 Rgd8 33. Rxd2 Rxd2+ 34. Nxd2 Bc5 35. Nf3 Kg7 36. Ne1 a5 37. Nd3 Bd4 38. c5 h5 39. c6 Bb6 40. Rc4 h4 41. f5 h3 42. Rg4+ Kh6 43. fxe6 fxe6 44. Rh4+ Kg5 45. Rxh3 Rc8 46. Nb2 Rxc6 47. Nc4 a4 48. Rf3 a3 49. Kd3 Bc5 50. Rf6 Be7 51. f4+ Kg4 52. Rf7 Bc5 53. Ke4 Rc8 54. Rg7+ Kh5 55. Rd7 Rg8 56. Rc7 Bf2 57. Rb7 Be1 58. Rh7+ Kg4 59. Ne3+ Kg3 60. f5 exf5+ 61. Nxf5+ Kf2 62. Rh2+ Kg1 63. Rc2 Bc3 64. e6 Re8 65. Kd5 Kf1 66. Nd6 Re7 67. Ne4 Rc7 68. Rf2+ Ke1 69. Kd6 Rh7 70. e7 Be5+ 71. Ke6 Rh4 72. Kxe5 1-0

[Event "HUN-chT2 Maroczy 1819"]
[Site "Hungary"]
[Date "2019.01.27"]
[Round "6.7"]
[White "Felmery, Mate"]
[Black "Kerek, Krisztian"]
[Result "1/2-1/2"]
[WhiteElo "2114"]
[BlackElo "2293"]
[PlyCount "43"]
[EventDate "2018.09.23"]
[EventType "team-tourn"]
[EventRounds "11"]
[EventCountry "HUN"]
[SourceTitle "EXT 2020"]
[Source "ChessBase"]
[SourceDate "2019.10.17"]
[SourceVersion "1"]
[SourceVersionDate "2019.10.17"]
[SourceQuality "1"]
[WhiteTeam "Budapest Vasas"]
[BlackTeam "Szigetszentmiklos"]
[WhiteTeamCountry "HUN"]
[BlackTeamCountry "HUN"]

1. e4 c5 2. Nf3 Nc6 3. d3 g6 4. g3 Bg7 5. Bg2 e6 6. 0-0 Nge7 7. c3 d5 8. Qe2 b6 9. Re1 Bb7 10. e5 Qc7 11. Bf4 h6 12. h4 g5 13. hxg5 Ng6 14. gxh6 Nxf4 15. gxf4 Bxh6 16. f5 0-0-0 17. f6 d4 18. Na3 Rdg8 19. Nc4 Bf4 20. Nd6+ Kb8 21. Nxb7 Qxb7 22. Qe4 1/2-1/2

[Event "HUN-chT2 Maroczy 1819"]
[Site "Hungary"]
[Date "2018.10.28"]
[Round "3.8"]
[White "Felmery, Mate"]
[Black "Braun, Marton"]
[Result "1-0"]
[WhiteElo "2114"]
[BlackElo "2177"]
[PlyCount "81"]
[EventDate "2018.09.23"]
[EventType "team-tourn"]
[EventRounds "11"]
[EventCountry "HUN"]
[SourceTitle "EXT 2020"]
[Source "ChessBase"]
[SourceDate "2019.10.17"]
[SourceVersion "1"]
[SourceVersionDate "2019.10.17"]
[SourceQuality "1"]
[WhiteTeam "Budapest Vasas"]
[BlackTeam "Lillafured DVTK II"]
[WhiteTeamCountry "HUN"]
[BlackTeamCountry "HUN"]

1. e4 Nf6 2. d3 d5 3. e5 Nfd7 4. Nf3 c5 5. Qe2 Nc6 6. g3 Nb6 7. h3 Qc7 8. Bf4 e6 9. c3 Bd7 10. Bg2 Be7 11. 0-0 h6 12. h4 a6 13. Nbd2 Na4 14. Rab1 b5 15. c4 Nb6 16. Rfc1 Qa7 17. g4 Rd8 18. b3 Bc8 19. Nf1 Qd7 20. Rd1 Bb7 21. Ng3 Nd4 22. Nxd4 cxd4 23. cxb5 axb5 24. g5 hxg5 25. hxg5 Rh4 26. Qd2 b4 27. Rbc1 Qb5 28. Ne2 Ba6 29. Nxd4 Qxd3 30. Qxd3 Bxd3 31. Be3 Be4 32. f3 Bg6 33. Nc6 Nd7 34. Nxd8 Kxd8 35. Bf2 Rh5 36. f4 f6 37. Bf3 Rh8 38. Rc6 Nf8 39. Rdc1 Ke8 40. Rc8+ Kf7 41. R1c7 1-0

[Event "Budapest-chT1 Lilienthal 1718"]
[Site "Budapest"]
[Date "2018.02.25"]
[Round "10"]
[White "Felmery, Mate"]
[Black "Lyell, Mark"]
[Result "0-1"]
[WhiteElo "2085"]
[BlackElo "2231"]
[PlyCount "72"]
[EventDate "2017.10.01"]
[EventType "team-tourn"]
[EventRounds "13"]
[EventCountry "HUN"]
[SourceTitle "EXT 2021"]
[Source "ChessBase"]
[SourceDate "2020.10.23"]
[SourceVersion "1"]
[SourceVersionDate "2020.10.23"]
[SourceQuality "1"]
[WhiteTeam "Budapest Vasas II"]
[BlackTeam "Budapest MTK III"]
[WhiteTeamCountry "HUN"]
[BlackTeamCountry "HUN"]

1. e4 c6 2. d4 d5 3. e5 c5 4. dxc5 Nc6 5. Bf4 e6 6. c3 Bxc5 7. Bd3 Nge7 8. Nf3 Ng6 9. Bg3 Bd7 10. h4 f6 11. Qe2 0-0 12. Bxg6 hxg6 13. 0-0 Nxe5 14. Nxe5 fxe5 15. Qxe5 Rf5 16. Qe2 g5 17. h5 e5 18. Nd2 g4 19. Nb3 Bb6 20. c4 Rxh5 21. Rad1 Qf6 22. c5 Qh6 23. f3 e4 24. f4 Bb5 25. Qe3 Bxf1 26. Rxf1 Bc7 27. Kf2 Rf8 28. Ke2 Rh1 29. Rxh1 Qxh1 30. Qf2 Qb1 31. Qd4 Rf5 32. a3 Qh1 33. Qf2 Bxf4 34. Nd4 Bxg3 35. Qxg3 Qf1+ 36. Kd2 Rf2+ 0-1

[Event "HUN-chT2 Maroczy 1718"]
[Site "Hungary"]
[Date "2018.02.18"]
[Round "6.8"]
[White "Rigo, Janos"]
[Black "Felmery, Mate"]
[Result "0-1"]
[WhiteElo "2234"]
[BlackElo "2109"]
[PlyCount "91"]
[EventDate "2017.10.29"]
[EventType "team-tourn"]
[EventRounds "9"]
[EventCountry "HUN"]
[SourceTitle "EXT 2021"]
[Source "ChessBase"]
[SourceDate "2020.10.23"]
[SourceVersion "1"]
[SourceVersionDate "2020.10.23"]
[SourceQuality "1"]
[WhiteTeam "Budapest HASE"]
[BlackTeam "Budapest Vasas"]
[WhiteTeamCountry "HUN"]
[BlackTeamCountry "HUN"]

1. e4 c5 2. Nf3 e6 3. d4 cxd4 4. Nxd4 a6 5. Bd3 Nf6 6. 0-0 d6 7. c4 Be7 8. Nc3 0-0 9. Be3 Nbd7 10. Rc1 Qc7 11. Kh1 b6 12. f3 Bb7 13. Be2 Rac8 14. b3 Qb8 15. Qd2 Bd8 16. Rfd1 Bc7 17. Bg1 Rfe8 18. g4 Kh8 19. g5 Ng8 20. h4 d5 21. Qe1 dxe4 22. Nxe4 Nc5 23. Nxc5 bxc5 24. Nc2 Bf4 25. Rb1 Ne7 26. Bf2 Qe5 27. Kg2 h6 28. Bd3 Qc7 29. Be4 Nf5 30. b4 Bxe4 31. fxe4 Nd6 32. bxc5 Nxc4 33. Qe2 Ne5 34. Nb4 Ng6 35. c6 Bxg5 36. Qe1 Be7 37. Rdc1 Qf4 38. Nd3 Qg4+ 39. Kh2 Nxh4 40. Bxh4 Bxh4 41. Qf1 Bg3+ 42. Kh1 Qxe4+ 43. Kg1 Red8 44. Rb3 Rd5 45. Rc2 Rg5 46. Rg2 0-1

[Event "HUN-chT2 Breyer 1516"]
[Site "Hungary"]
[Date "2016.02.14"]
[Round "7.9"]
[White "Bognar, Attila"]
[Black "Felmery, Mate"]
[Result "0-1"]
[WhiteElo "1854"]
[BlackElo "2068"]
[PlyCount "118"]
[EventDate "2015.09.13"]
[EventType "team-tourn"]
[EventRounds "11"]
[EventCountry "HUN"]
[SourceTitle "EXT 2017"]
[Source "ChessBase"]
[SourceDate "2016.10.25"]
[SourceVersion "1"]
[SourceVersionDate "2016.10.25"]
[SourceQuality "1"]
[WhiteTeam "Nyergesujfalu"]
[BlackTeam "Biatorbagy"]
[WhiteTeamCountry "HUN"]
[BlackTeamCountry "HUN"]

1. c4 c5 2. Nc3 e6 3. e4 d6 4. Nf3 Nf6 5. d4 cxd4 6. Nxd4 a6 7. Bd3 Nc6 8. Bb1 Qc7 9. 0-0 Be7 10. h3 0-0 11. Be3 b6 12. Nxc6 Qxc6 13. Qb3 Rb8 14. Bd3 Nd7 15. Bd4 Nc5 16. Bxc5 bxc5 17. Qc2 h6 18. Be2 Bf6 19. Bf3 Qc7 20. Rab1 Bb7 21. Rfd1 Be5 22. Rd3 Bc6 23. Qe2 Qb7 24. b3 Rfe8 25. Nd1 d5 26. exd5 exd5 27. Re3 Bf4 28. cxd5 Bb5 29. Qd2 Bxe3 30. fxe3 Qe7 31. Rc1 Bd7 32. Qc3 Rbc8 33. Qc4 Qg5 34. Kf2 Bb5 35. Qg4 Qe5 36. Qg3 Qf5 37. Kg1 Qd3 38. Qf2 Qg6 39. Nc3 c4 40. b4 Qd3 41. e4 Bd7 42. Ne2 Qa3 43. Qe1 f5 44. exf5 Bxf5 45. Qd2 Qa4 46. Nd4 Bd7 47. Ne6 Bxe6 48. dxe6 Qb5 49. Qd7 Qb6+ 50. Kh1 Kh8 51. Rxc4 Rxc4 52. Qxe8+ Kh7 53. Bd1 Rc1 54. Qd7 Qb5 55. Qd2 Qf1+ 56. Kh2 Rxd1 57. Qc2+ Qd3 58. Qf2 Qd6+ 59. g3 Rd2 0-1

[Event "HUN-chT2 Breyer 1516"]
[Site "Hungary"]
[Date "2015.10.04"]
[Round "2.2"]
[White "Balogh, Szabolcs"]
[Black "Felmery, Mate"]
[Result "0-1"]
[WhiteElo "1751"]
[BlackElo "2077"]
[PlyCount "60"]
[EventDate "2015.09.13"]
[EventType "team-tourn"]
[EventRounds "11"]
[EventCountry "HUN"]
[SourceTitle "CBM 170 Extra"]
[Source "ChessBase"]
[SourceDate "2016.02.25"]
[SourceVersion "1"]
[SourceVersionDate "2016.02.25"]
[SourceQuality "1"]
[WhiteTeam "Gyor UDSE"]
[BlackTeam "Biatorbagy"]
[WhiteTeamCountry "HUN"]
[BlackTeamCountry "HUN"]

1. e4 c5 2. d4 cxd4 3. c3 g6 4. cxd4 d5 5. e5 Nc6 6. Nf3 Bg4 7. Be2 Qb6 8. Nbd2 e6 9. 0-0 Nh6 10. h3 Bxf3 11. Nxf3 Nf5 12. Be3 Nxe3 13. fxe3 Bh6 14. Qd3 Nb4 15. Qd2 Rc8 16. Rac1 0-0 17. Nh2 Nxa2 18. Ra1 Nb4 19. Ng4 Bg5 20. Nf6+ Bxf6 21. exf6 Nc2 22. Rac1 Nb4 23. e4 Rxc1 24. Qxc1 Qxd4+ 25. Kh1 Kh8 26. Qh6 Rg8 27. Rf4 Qd2 28. e5 g5 29. Rxb4 Qxb4 30. Bd3 Qh4 0-1

[Event "HUN-chT2 Maroczy 1314"]
[Site "Hungary"]
[Date "2013.11.17"]
[Round "5"]
[White "Berta, Sandor Martin"]
[Black "Felmery, Mate"]
[Result "1/2-1/2"]
[WhiteElo "1953"]
[BlackElo "1920"]
[PlyCount "90"]
[EventDate "2013.09.08"]
[EventType "team-tourn"]
[EventRounds "11"]
[EventCountry "HUN"]
[SourceTitle "EXT 2016"]
[Source "ChessBase"]
[SourceDate "2015.10.08"]
[SourceVersion "1"]
[SourceVersionDate "2015.10.08"]
[SourceQuality "1"]
[WhiteTeam "Toth Laszlo"]
[BlackTeam "Budapest Vasas"]
[WhiteTeamCountry "HUN"]
[BlackTeamCountry "HUN"]

1. e4 c5 2. Nf3 e6 3. d3 Nc6 4. g3 d5 5. Nbd2 Nf6 6. Bg2 Be7 7. 0-0 0-0 8. Re1 Qc7 9. e5 Nd7 10. Qe2 Re8 11. Nf1 Nf8 12. h4 f6 13. exf6 Bxf6 14. c3 b6 15. N1h2 Ba6 16. Ng5 Rad8 17. Ng4 e5 18. Qf3 Qd6 19. Bd2 Bb7 20. Rad1 Ng6 21. Bh3 Rf8 22. Qe2 Bc8 23. h5 Nge7 24. Nxf6+ Qxf6 25. Bxc8 Nxc8 26. f4 Rde8 27. Qg2 Qd6 28. fxe5 Rxe5 29. Bf4 Rxe1+ 30. Rxe1 Qd7 31. Qe2 h6 32. Nf3 Qf5 33. Qe6+ Qxe6 34. Rxe6 N8e7 35. Nh4 Kf7 36. Rd6 Rd8 37. Rxd8 Nxd8 38. Kf2 Ne6 39. Kf3 Nxf4 40. Kxf4 Kf6 41. Nf3 Nc6 42. d4 cxd4 43. Nxd4 Ne5 44. Nb5 Nd3+ 45. Kf3 Nxb2 1/2-1/2

[Event "Budapest-chT1 Lilienthal 1314"]
[Site "Budapest"]
[Date "2013.10.13"]
[Round "2"]
[White "Felmery, Mate"]
[Black "Kertesz, Zsolt"]
[Result "1/2-1/2"]
[WhiteElo "1920"]
[BlackElo "2117"]
[PlyCount "38"]
[EventDate "2013.09.29"]
[EventType "team-tourn"]
[EventRounds "11"]
[EventCountry "HUN"]
[SourceTitle "EXT 2021"]
[Source "ChessBase"]
[SourceDate "2020.10.23"]
[SourceVersion "1"]
[SourceVersionDate "2020.10.23"]
[SourceQuality "1"]
[WhiteTeam "Budapest Vasas II"]
[BlackTeam "Fabulon"]
[WhiteTeamCountry "HUN"]
[BlackTeamCountry "HUN"]

1. e4 e6 2. Qe2 c5 3. g3 Nc6 4. c3 d6 5. Bg2 Nf6 6. Nf3 Be7 7. 0-0 0-0 8. d3 Rb8 9. h3 b5 10. Nh2 b4 11. f4 bxc3 12. bxc3 e5 13. Nf3 exf4 14. gxf4 d5 15. e5 Nh5 16. Kh2 Bf5 17. Ne1 g6 18. Bf3 Ng7 19. Qg2 Be6 1/2-1/2

[Event "HUN-chT2 Maroczy 1213"]
[Site "Hungary"]
[Date "2013.04.21"]
[Round "11"]
[White "Felmery, Mate"]
[Black "Terbe, Julianna"]
[Result "0-1"]
[WhiteElo "1938"]
[BlackElo "1926"]
[PlyCount "72"]
[EventDate "2012.09.16"]
[EventType "team-tourn"]
[EventRounds "11"]
[EventCountry "HUN"]
[SourceTitle "EXT 2014"]
[Source "ChessBase"]
[SourceDate "2013.11.20"]
[SourceVersion "1"]
[SourceVersionDate "2013.11.20"]
[SourceQuality "1"]
[WhiteTeam "Vasas"]
[BlackTeam "Kisujszallas"]
[WhiteTeamCountry "HUN"]
[BlackTeamCountry "HUN"]

1. e4 Nf6 2. e5 Nd5 3. c4 Nb6 4. d4 d6 5. f4 dxe5 6. fxe5 Bf5 7. Be3 e6 8. Nd2 Nc6 9. Ngf3 Nb4 10. Kf2 Nc2 11. Rc1 Nxe3 12. Kxe3 c5 13. Nb3 Rc8 14. Nxc5 Bxc5 15. dxc5 Qxd1 16. Rxd1 Rxc5 17. b3 Bg4 18. Ke4 Nd7 19. b4 Bxf3+ 20. Kxf3 Rxe5 21. Bd3 Ke7 22. Be4 Nf6 23. Bc2 Rc8 24. Bd3 h5 25. Kf4 Ng4 26. h4 f6 27. Rhe1 Rxe1 28. Rxe1 Ne5 29. Be2 Nxc4 30. Rc1 b5 31. a4 a6 32. axb5 axb5 33. Bxh5 Rh8 34. Be2 Rxh4+ 35. g4 g5+ 36. Kg3 f5 0-1

[Event "HUN-chT2 Maroczy 1213"]
[Site "Hungary"]
[Date "2013.02.17"]
[Round "7"]
[White "Ruck, Robert1111"]
[Black "Felmery, Mate"]
[Result "1/2-1/2"]
[WhiteElo "1985"]
[BlackElo "1938"]
[PlyCount "55"]
[EventDate "2012.09.16"]
[EventType "team-tourn"]
[EventRounds "11"]
[EventCountry "HUN"]
[SourceTitle "EXT 2014"]
[Source "ChessBase"]
[SourceDate "2013.11.20"]
[SourceVersion "1"]
[SourceVersionDate "2013.11.20"]
[SourceQuality "1"]
[WhiteTeam "Sarkany"]
[BlackTeam "Vasas"]
[WhiteTeamCountry "HUN"]
[BlackTeamCountry "HUN"]

1. e4 e5 2. Nf3 Nc6 3. Bc4 Bc5 4. c3 Nf6 5. d4 exd4 6. e5 d5 7. Bb5 Ne4 8. cxd4 Bb4+ 9. Bd2 Nxd2 10. Nbxd2 0-0 11. a3 Ba5 12. 0-0 Bd7 13. Bd3 Bg4 14. h3 Bh5 15. Qa4 Bxd2 16. Nxd2 Qh4 17. f4 Qg3 18. Qb3 Qe3+ 19. Rf2 Kh8 20. Qc3 f6 21. Be2 Qxc3 22. bxc3 Bxe2 23. Rxe2 fxe5 24. fxe5 Rae8 25. Rb1 b6 26. Nf3 Nd8 27. Rf1 Ne6 28. g3 1/2-1/2

[Event "Biatorbagy Gal Memorial 1st"]
[Site "Biatorbagy"]
[Date "2012.12.07"]
[Round "2"]
[White "Felmery, Mate"]
[Black "Czibulka, Zoltan"]
[Result "0-1"]
[WhiteElo "1938"]
[BlackElo "2053"]
[PlyCount "50"]
[EventDate "2012.11.30"]
[EventType "swiss"]
[EventRounds "7"]
[EventCountry "HUN"]
[SourceTitle "EXT 2014"]
[Source "ChessBase"]
[SourceDate "2013.11.20"]
[SourceVersion "1"]
[SourceVersionDate "2013.11.20"]
[SourceQuality "1"]

1. b4 e6 2. Bb2 Nf6 3. b5 d5 4. Nf3 c5 5. e3 b6 6. Be2 Nbd7 7. 0-0 Bd6 8. d4 Bb7 9. Ne5 cxd4 10. exd4 Rc8 11. f4 Ne4 12. Bd3 g6 13. Nd2 Bb4 14. Nxe4 dxe4 15. Nc6 Bxc6 16. bxc6 exd3 17. cxd7+ Qxd7 18. Qxd3 0-0 19. Rf3 Be7 20. a4 Qd5 21. Ba3 Bf6 22. c3 Rxc3 23. Qd1 Rxf3 24. Bxf8 Bxd4+ 25. Kh1 Rf2 0-1

[Event "Budapest-chT1 Lilienthal 1213"]
[Site "Budapest"]
[Date "2012.11.25"]
[Round "4"]
[White "Felmery, Mate"]
[Black "Birinyi, Istvan"]
[Result "1/2-1/2"]
[WhiteElo "1938"]
[BlackElo "2070"]
[PlyCount "34"]
[EventDate "2012.09.30"]
[EventType "team-tourn"]
[EventRounds "11"]
[EventCountry "HUN"]
[SourceTitle "EXT 2019"]
[Source "ChessBase"]
[SourceDate "2018.10.10"]
[SourceVersion "1"]
[SourceVersionDate "2018.10.10"]
[SourceQuality "1"]
[WhiteTeam "Budapest Vasas II"]
[BlackTeam "Budapest RAC"]
[WhiteTeamCountry "HUN"]
[BlackTeamCountry "HUN"]

1. e4 e5 2. Nf3 Nc6 3. d4 exd4 4. Bc4 Nf6 5. 0-0 Be7 6. Re1 d6 7. Nxd4 Nxd4 8. Qxd4 0-0 9. Nc3 Be6 10. Bg5 Bxc4 11. Qxc4 c6 12. Rad1 Qb6 13. h3 Rae8 14. Bf4 d5 15. exd5 cxd5 16. Nxd5 Nxd5 17. Rxd5 Bc5 1/2-1/2

[Event "Budapest-chT1 Lilienthal 1213"]
[Site "Budapest"]
[Date "2012.09.30"]
[Round "1"]
[White "Felmery, Mate"]
[Black "Kovacs, David"]
[Result "1/2-1/2"]
[WhiteElo "1938"]
[BlackElo "2156"]
[PlyCount "68"]
[EventDate "2012.09.30"]
[EventType "team-tourn"]
[EventRounds "11"]
[EventCountry "HUN"]
[SourceTitle "EXT 2019"]
[Source "ChessBase"]
[SourceDate "2018.10.10"]
[SourceVersion "1"]
[SourceVersionDate "2018.10.10"]
[SourceQuality "1"]
[WhiteTeam "Budapest Vasas II"]
[BlackTeam "Budapest SENSE"]
[WhiteTeamCountry "HUN"]
[BlackTeamCountry "HUN"]

1. e4 e5 2. Nf3 Nc6 3. d4 exd4 4. Bc4 Nf6 5. 0-0 Nxe4 6. Re1 d5 7. Bxd5 Qxd5 8. Nc3 Qd8 9. Nxe4 Be7 10. Bg5 0-0 11. Bxe7 Qxe7 12. Nxd4 Nxd4 13. Qxd4 Rd8 14. Qc3 b6 15. Re3 f5 16. Qb3+ Qf7 17. Qxf7+ Kxf7 18. Ng5+ Kf6 19. Nf3 Bb7 20. Rae1 Be4 21. h4 h6 22. g4 g5 23. hxg5+ hxg5 24. gxf5 Bxf5 25. Re7 Rd7 26. Rxd7 Bxd7 27. Kg2 Rd8 28. Rh1 g4 29. Ne1 Bc6+ 30. f3 gxf3+ 31. Kg3 Rg8+ 32. Kf2 Ke6 33. Rh6+ Kd7 34. Nxf3 Rf8 1/2-1/2

[Event "Budapest-chT1 Lilienthal 1112"]
[Site "Budapest"]
[Date "2011.12.04"]
[Round "4"]
[White "Felmery, Mate"]
[Black "Kovacs, Daniel1111"]
[Result "1-0"]
[WhiteElo "1864"]
[BlackElo "1833"]
[PlyCount "41"]
[EventDate "2011.10.02"]
[EventType "team-tourn"]
[EventRounds "11"]
[EventCountry "HUN"]
[SourceTitle "EXT 2020"]
[Source "ChessBase"]
[SourceDate "2019.10.17"]
[SourceVersion "1"]
[SourceVersionDate "2019.10.17"]
[SourceQuality "1"]
[WhiteTeam "Budapest Vasas II"]
[BlackTeam "Budapest HUSI II"]
[WhiteTeamCountry "HUN"]
[BlackTeamCountry "HUN"]

1. e4 e5 2. Nf3 Nc6 3. d4 exd4 4. Bc4 Be7 5. c3 d6 6. cxd4 Nf6 7. Nc3 Bg4 8. Be3 0-0 9. 0-0 a6 10. h3 Bh5 11. a4 Re8 12. Re1 Qd7 13. d5 Ne5 14. Nxe5 dxe5 15. Qb3 Rab8 16. Ba7 Ra8 17. Qxb7 Qc8 18. Qxc8 Rexc8 19. Bxa6 Rd8 20. Nb5 Bg6 21. Bb7 1-0

[Event "HUN-chT U18"]
[Site "Miskolc"]
[Date "2011.11.05"]
[Round "7.2"]
[White "Peczely, Sebastian Zsombor"]
[Black "Felmery, Mate"]
[Result "1-0"]
[WhiteElo "2031"]
[BlackElo "1864"]
[PlyCount "65"]
[EventDate "2011.11.02"]
[EventType "team-swiss"]
[EventRounds "8"]
[EventCountry "HUN"]
[SourceTitle "EXT 2012"]
[Source "ChessBase"]
[SourceDate "2011.11.24"]
[SourceVersion "1"]
[SourceVersionDate "2011.11.24"]
[SourceQuality "1"]
[WhiteTeam "Roszke"]
[BlackTeam "Vasas"]
[WhiteTeamCountry "HUN"]
[BlackTeamCountry "HUN"]

1. e4 c5 2. Nf3 e6 3. d4 cxd4 4. Nxd4 a6 5. Bd3 Nc6 6. Be3 Nxd4 7. Bxd4 Qc7 8. 0-0 Nf6 9. e5 Nd5 10. Nc3 Nxc3 11. Bxc3 b5 12. Qg4 Bb7 13. Rae1 h5 14. Qg5 h4 15. h3 Be7 16. Qg4 0-0-0 17. Bb4 Bxb4 18. Qxb4 d5 19. a4 bxa4 20. Qxa4 Qd7 21. Qd4 Qc6 22. Ra1 Kd7 23. Ra3 Ke7 24. Rfa1 Ra8 25. Qb4+ Ke8 26. Rc3 Qd7 27. Qb6 Rc8 28. Rxc8+ Qxc8 29. Bxa6 Bxa6 30. Rxa6 g6 31. Qa5 Kd7 32. Ra7+ Kc6 33. b4 1-0

[Event "HUN-chT U18"]
[Site "Miskolc"]
[Date "2011.11.04"]
[Round "4.2"]
[White "Felmery, Mate"]
[Black "Farkas, Gabor1111"]
[Result "1/2-1/2"]
[WhiteElo "1864"]
[BlackElo "1957"]
[PlyCount "99"]
[EventDate "2011.11.02"]
[EventType "team-swiss"]
[EventRounds "8"]
[EventCountry "HUN"]
[SourceTitle "EXT 2012"]
[Source "ChessBase"]
[SourceDate "2011.11.24"]
[SourceVersion "1"]
[SourceVersionDate "2011.11.24"]
[SourceQuality "1"]
[WhiteTeam "Vasas"]
[BlackTeam "Toth Laszlo"]
[WhiteTeamCountry "HUN"]
[BlackTeamCountry "HUN"]

1. e4 c5 2. d4 cxd4 3. c3 dxc3 4. Nxc3 Nc6 5. Nf3 d6 6. Bc4 e6 7. 0-0 Be7 8. Qe2 a6 9. Rd1 Qc7 10. Be3 Nf6 11. Rac1 Qa5 12. Bb3 0-0 13. h3 Qh5 14. Bf4 Rd8 15. Na4 Na5 16. Nb6 Nxb3 17. axb3 Rb8 18. Qc4 Bd7 19. Bxd6 Bxd6 20. Rxd6 Bc6 21. Qd4 Rxd6 22. Qxd6 Rf8 23. Ne5 Nxe4 24. Qd4 Qg5 25. Rxc6 bxc6 26. Qxe4 Rd8 27. Ned7 Qc1+ 28. Kh2 Qxb2 29. Qh4 Re8 30. Qg3 Qd4 31. b4 Kh8 32. Qf3 Qd6+ 33. g3 f5 34. Qh5 Qe7 35. Ne5 Kg8 36. Nxc6 Qf7 37. Qxf7+ Kxf7 38. f4 g6 39. Kg2 h6 40. h4 Rg8 41. Nd7 g5 42. hxg5 hxg5 43. fxg5 Rxg5 44. Kf3 e5 45. Ndxe5+ Ke6 46. Kf4 Rh5 47. Nb8 Rh1 48. Nxa6 Rf1+ 49. Nf3 Kd5 50. g4 1/2-1/2

[Event "HUN-chT U18"]
[Site "Miskolc"]
[Date "2011.11.03"]
[Round "2.2"]
[White "Grimm, Daniel"]
[Black "Felmery, Mate"]
[Result "0-1"]
[WhiteElo "2080"]
[BlackElo "1864"]
[PlyCount "116"]
[EventDate "2011.11.02"]
[EventType "team-swiss"]
[EventRounds "8"]
[EventCountry "HUN"]
[SourceTitle "EXT 2012"]
[Source "ChessBase"]
[SourceDate "2011.11.24"]
[SourceVersion "1"]
[SourceVersionDate "2011.11.24"]
[SourceQuality "1"]
[WhiteTeam "Barcza"]
[BlackTeam "Vasas"]
[WhiteTeamCountry "HUN"]
[BlackTeamCountry "HUN"]

1. e4 c5 2. Nf3 e6 3. d4 cxd4 4. Nxd4 a6 5. Bd3 Qc7 6. 0-0 Nc6 7. Nxc6 dxc6 8. a4 e5 9. Na3 Be6 10. Be3 Nf6 11. f3 Nd7 12. Qe2 Bc5 13. Kh1 Qb6 14. Bxc5 Nxc5 15. b3 Nxd3 16. Qxd3 Rd8 17. Qc3 Qd4 18. Qa5 0-0 19. h3 Qe3 20. Qxe5 Rd2 21. Rae1 Qh6 22. Qg3 Rfd8 23. Nb1 Rxc2 24. Rd1 Rf8 25. f4 Qg6 26. Qf3 f5 27. exf5 Qxf5 28. Qd3 Qxd3 29. Rxd3 Bd5 30. Nd2 Re8 31. Nf3 Ree2 32. Rg1 Rf2 33. Ne1 Rcd2 34. Re3 Rxf4 35. Nd3 Re4 36. Rxe4 Bxe4 37. Nc5 Bd5 38. Nxb7 Bxb3 39. Nc5 Bd5 40. Nxa6 Ra2 41. Nb4 Rxa4 42. Nxd5 cxd5 43. Rd1 d4 44. Kg1 Kf7 45. Kf2 Ke6 46. Kf3 Kd5 47. Rc1 Ra7 48. Rc8 Re7 49. Rd8+ Kc4 50. Rc8+ Kd3 51. Kf2 Kd2 52. Kf3 Re3+ 53. Kf2 Rc3 54. Rd8 d3 55. Rd7 Rc2 56. Rxg7 Kc1+ 57. Ke3 d2 58. Ra7 Rc3+ 0-1